=LDR 00000nam 2200000 4500 =001 INLIS000000000047839 =005 20160218093737.0 =006 =007 =008 =020 ##$$a 979-2458-79-4 =035 ##$$0010-021600000000228 =040 ##$$a NPBDMAT =082 ##$$a 574.526 36 =090 ##$$a 574.526 36 $b Sup k =100 ##$$a Suprihayono =245 ##$$a Konservasi Ekosistem Sumberdaya Hayati di Wilayah Pesisir dan Laut Tropis/ Suprihayono.-- cet.1--- =260 ##$$a Yogyakarta : $b Pustaka Pelajar, $c 2007 =300 ##$$a 419 hlm : $b ilus $c 25 cm =500 ##$$a Bibliografi : hlm. 367-419 =500 ##$$a Indeks : hlm. 420-425 =650 ##$$a Ekologi Laut